US States that Contain a W,X,Y, or Z - Statistics

General Stats
  • This quiz has been taken 176 times
    113 since last reset
  • The average score is 14 of 16
Answers on the Map
Answers color-coded by a green-red scale on the quiz's map according to % correct below.
 
Answer Stats
Answer % Correct
Wyoming
99%
New Mexico
96%
Washington
96%
Wisconsin
94%
New York
93%
Texas
93%
West Virginia
92%
Arizona
87%
New Jersey
87%
Kentucky
83%
Hawaii
81%
Maryland
80%
New Hampshire
79%
Iowa
75%
Pennsylvania
69%
Delaware
67%
No matching quizzes found
Score Distribution
Percent of People with Each Score
Percentile by Number Answered
Your Score History
You have not taken this quiz since the last reset